[Event "NM for klubblag 2019"]
[Site "Scandic Ambassadeur, Drammen"]
[Date "2019.05.30"]
[Round "4"]
[White "Johansen, Aleksander"]
[Black "Nilsson, Thomas"]
[Result "1-0"]
[WhiteElo "1498"]
[BlackElo "1449"]
[PlyCount "35"]
[EventDate "2019.??.??"]

1. d4 Nf6 2. c4 e6 3. Nc3 d5 4. cxd5 exd5 5. Bf4 a6 6. e3 g6 7. Bd3 b5 8. Nf3
Bg7 9. Ne5 Bb7 10. h4 O-O 11. h5 gxh5 12. Rxh5 Nxh5 13. Qxh5 f5 14. Bxf5 Rxf5
15. Qxf5 h6 16. Qe6+ Kf8 17. Kd2 Nc6 18. Nd7+
1-0

[Event "NM for klubblag 2019"]
[Site "Scandic Ambassadeur, Drammen"]
[Date "2019.05.30"]
[Round "4"]
[White "Martinsen, Vegard"]
[Black "Johansen, Ove"]
[Result "1-0"]
[WhiteElo "1542"]
[BlackElo "1560"]
[PlyCount "63"]
[EventDate "2019.??.??"]

1. e4 e5 2. Nf3 Nc6 3. Bc4 Bc5 4. d4 Nxd4 5. Nxe5 Ne6 6. Bxe6 Bxf2+ 7. Kxf2
Qf6+ 8. Nf3 Qxe6 9. Bf4 d6 10. Nc3 Nf6 11. Re1 O-O 12. Nd5 Nxd5 13. Qxd5 Qf6
14. Bc1 c6 15. e5 dxe5 16. Qxe5 Qg6 17. Qc3 Be6 18. b3 Bd5 19. Ba3 Rfe8 20.
Rxe8+ Rxe8 21. Re1 Rxe1 22. Nxe1 h6 23. Bb2 f6 24. Qg3 Qf5+ 25. Kg1 Qe6 26. Nd3
Qe2 27. h3 Qe8 28. Bxf6 Qf7 29. Bd4 b6 30. Nf4 c5 31. Nxd5 Qxd5 32. Qe5
1-0

[Event "NM for klubblag 2019"]
[Site "Scandic Ambassadeur, Drammen"]
[Date "2019.05.30"]
[Round "4"]
[White "KjÃ¦r, Robin"]
[Black "Aure, Anders Nilsson"]
[Result "0-1"]
[WhiteElo "1343"]
[BlackElo "1783"]
[PlyCount "104"]
[EventDate "2019.??.??"]

1. e4 c5 2. Nf3 d6 3. d4 cxd4 4. Nxd4 Nf6 5. Nc3 g6 6. Bc4 Bg7 7. O-O O-O 8. f4
Qb6 9. Na4 Qc7 10. Bd3 a6 11. Kh1 b5 12. Nc3 Bb7 13. a3 Nc6 14. Be3 Rfc8 15.
Qd2 Ng4 16. Nxc6 Bxc6 17. Bg1 Qb7 18. Rae1 a5 19. Qe2 Nf6 20. Nxb5 Bxe4 21.
Bxe4 Nxe4 22. Qxe4 Qxb5 23. b3 e6 24. Rf3 d5 25. Qe2 Qxe2 26. Rxe2 Bf8 27. a4
Rc6 28. Bd4 Rac8 29. Rff2 Bg7 30. Bxg7 Kxg7 31. g4 h6 32. h4 Rc3 33. Kg2 Kf6
34. Rd2 Re3 35. Rf3 Re1 36. Kf2 Rc1 37. g5+ hxg5 38. hxg5+ Kg7 39. Ke2 R1xc2
40. Rfd3 R2c5 41. Ke3 Kf8 42. Kd4 Ke7 43. Ke5 Rc1 44. Re2 Rb8 45. Ree3 Rb4 46.
Rd4 Rxd4 47. Kxd4 Kd6 48. Rf3 Rd1+ 49. Kc3 Rc1+ 50. Kb2 Rc7 51. Ka3 e5 52.
fxe5+ Kxe5 0-1

[Event "NM for klubblag 2019"]
[Site "Scandic Ambassadeur, Drammen"]
[Date "2019.05.30"]
[Round "4"]
[White "Marthinussen, Emma Viktoria L"]
[Black "Olsen, Rudi B."]
[Result "1/2-1/2"]
[WhiteElo "1469"]
[BlackElo "1345"]
[PlyCount "97"]
[EventDate "2019.??.??"]

1. e4 e5 2. Nf3 d6 3. h3 Be6 4. Nc3 Nc6 5. Bb5 Nge7 6. d3 a6 7. Ba4 b5 8. Bb3
Bxb3 9. axb3 b4 10. Ne2 d5 11. exd5 Nxd5 12. c4 bxc3 13. bxc3 Nf6 14. Be3 Bd6
15. O-O O-O 16. Qc2 Re8 17. Rfe1 e4 18. dxe4 Nxe4 19. Ned4 Nxd4 20. Bxd4 Nf6
21. Ng5 g6 22. Rxe8+ Nxe8 23. Ne4 Be7 24. Rd1 Qc8 25. Qe2 Qf5 26. Ng3 Qe6 27.
Qxe6 fxe6 28. Re1 Kf7 29. Ne4 a5 30. Ra1 Nd6 31. Nxd6+ cxd6 32. Bb6 Rb8 33.
Bxa5 Rxb3 34. Bb4 Kf6 35. Kf1 h5 36. Ke2 d5 37. Bxe7+ Kxe7 38. Rc1 Kf6 39. Rc2
Kf5 40. Kd3 Rb6 41. Re2 e5 42. g3 Rc6 43. Rb2 Rd6 44. Rb4 g5 45. g4+ hxg4 46.
hxg4+ Kf6 47. f3 Kg6 48. Ke3 Kf6 49. Kd3 1/2-1/2

[Event "NM for klubblag 2019"]
[Site "Scandic Ambassadeur, Drammen"]
[Date "2019.05.30"]
[Round "4"]
[White "Lien, Kjell Håkon"]
[Black "Ramirez, Manuel"]
[Result "0-1"]
[WhiteElo "2214"]
[BlackElo "2089"]
[PlyCount "66"]
[EventDate "2019.??.??"]

1. d4 Nf6 2. c4 g6 3. Nc3 Bg7 4. Nf3 O-O 5. e4 d6 6. Be2 e5 7. O-O Nbd7 8. d5
Nc5 9. Qc2 a5 10. b3 Nh5 11. Ne1 Nf4 12. Rb1 f5 13. f3 fxe4 14. fxe4 Nxe2+ 15.
Qxe2 Rxf1+ 16. Kxf1 Qh4 17. Nf3 Qh5 18. h3 Bd7 19. Nd1 Bh6 20. Bxh6 Qxh6 21.
Nf2 Rf8 22. a3 a4 23. bxa4 Bxa4 24. Nd3 Nxd3 25. Qxd3 b6 26. Ke2 Qf4 27. Qe3
Bc2 28. Rf1 Qxe4 29. Qxe4 Bxe4 30. Ne1 Rxf1 31. Kxf1 b5 32. cxb5 Bxd5 33. Kf2
Bb3
0-1

[Event "NM for klubblag 2019"]
[Site "Scandic Ambassadeur, Drammen"]
[Date "2019.05.30"]
[Round "4"]
[White "Egeland, Finn"]
[Black "Lystad, Frank"]
[Result "1-0"]
[WhiteElo "2086"]
[BlackElo "1771"]
[PlyCount "65"]
[EventDate "2019.??.??"]

1. e4 d6 2. d4 Nf6 3. Nc3 Nbd7 4. Nf3 e5 5. Bc4 Be7 6. O-O c6 7. a4 a5 8. Re1
h6 9. h3 Qc7 10. Ba2 Nf8 11. Qd3 Be6 12. d5 Bd7 13. dxc6 bxc6 14. Nh4 g6 15. f4
Be6 16. fxe5 dxe5 17. Bc4 Rd8 18. Qe2 Bxc4 19. Qxc4 Ne6 20. Be3 Kf8 21. Nxg6+
fxg6 22. Qxe6 Kg7 23. Qc4 Bb4 24. Rf1 Rhf8 25. Rf2 Bxc3 26. bxc3 Nh5 27. Rb1
Rxf2 28. Bxf2 Rd2 29. Qa6 Qd6 30. Qa7+ Kf6 31. Rb7 Rxc2 32. Rh7 Rc1+ 33. Kh2
1-0

[Event "NM for klubblag 2019"]
[Site "Scandic Ambassadeur, Drammen"]
[Date "2019.05.30"]
[Round "4"]
[White "Johansen, KolbjÃ¸rn-Albin"]
[Black "GrÃ¸ver, Sigurd Loe"]
[Result "0-1"]
[WhiteElo "1688"]
[BlackElo "2028"]
[PlyCount "94"]
[EventDate "2019.??.??"]

1. d4 d5 2. Nc3 Nf6 3. Bf4 e6 4. Nb5 Na6 5. e3 c6 6. Nc3 Bb4 7. Bd3 c5 8. Bb5+
Bd7 9. Bxd7+ Qxd7 10. Nge2 Ne4 11. O-O Bxc3 12. Nxc3 Nxc3 13. bxc3 O-O 14. Qd3
Rac8 15. Rfb1 cxd4 16. exd4 Rc4 17. Rb3 b6 18. Re1 Rfc8 19. Re3 Nc5 20. dxc5
Rxf4 21. cxb6 axb6 22. Rxb6 Ra4 23. Ra6 Ra8 24. Rxa8+ Rxa8 25. c4 Rxa2 26. g3
Ra5 27. Kg2 Qc7 28. cxd5 Rxd5 29. Qe4 Qc8 30. c4 Rc5 31. Rc3 f5 32. Qd3 e5 33.
Qd6 Kf7 34. Ra3 Qc6+ 35. Qxc6 Rxc6 36. Ra4 g5 37. Ra7+ Kg6 38. Ra5 e4 39. c5 f4
40. g4 Kf6 41. Ra7 h6 42. Rh7 Ke5 43. h4 f3+ 44. Kg3 gxh4+ 45. Kxh4 e3 46. fxe3
f2 47. Rf7 Rf6 0-1

[Event "NM for klubblag 2019"]
[Site "Scandic Ambassadeur, Drammen"]
[Date "2019.05.30"]
[Round "4"]
[White "Omtvedt, Per"]
[Black "Sandum, Håvard"]
[Result "1-0"]
[WhiteElo "1894"]
[BlackElo "1542"]
[PlyCount "65"]
[EventDate "2019.??.??"]

1. e4 d5 2. exd5 Nf6 3. Bb5+ Bd7 4. Be2 e6 5. dxe6 Bxe6 6. d4 Bb4+ 7. c3 Bd6 8.
Nf3 O-O 9. O-O c6 10. Nbd2 Nbd7 11. Nc4 Bc7 12. Nce5 Re8 13. Nxd7 Qxd7 14. Bg5
Nd5 15. Re1 f6 16. Bh4 Ne7 17. Bg3 Ng6 18. Qd2 Bxg3 19. hxg3 b5 20. a3 Rad8 21.
Bd3 Qf7 22. Re2 Bg4 23. Rxe8+ Rxe8 24. Re1 Bxf3 25. Rxe8+ Qxe8 26. gxf3 Qd7 27.
Qe3 Kf8 28. Kg2 f5 29. Bc2 Ne7 30. Qe5 h6 31. Bb3 Nd5 32. c4 bxc4 33. Bxc4
1-0

[Event "NM for klubblag 2019"]
[Site "Scandic Ambassadeur, Drammen"]
[Date "2019.05.30"]
[Round "4"]
[White "Martens, Erik"]
[Black "Schick, Matheo"]
[Result "0-1"]
[WhiteElo "1290"]
[BlackElo "1450"]
[PlyCount "86"]
[EventDate "2019.??.??"]

1. e4 c5 2. Nf3 Nc6 3. d4 cxd4 4. Nxd4 g6 5. Nc3 Bg7 6. Be3 Nf6 7. f3 O-O 8.
Bc4 Qb6 9. Bb3 Nxe4 10. Nxe4 Bxd4 11. Bxd4 Nxd4 12. c3 Nf5 13. g4 Nh4 14. Qe2
d6 15. O-O-O a5 16. Rd4 Be6 17. Qf2 Bxb3 18. axb3 e5 19. Rxd6 Qxf2 20. Nxf2
Nxf3 21. Rd3 Ng5 22. Rd5 f6 23. Rb5 Rf7 24. h4 Ne6 25. Ne4 a4 26. Kc2 axb3+ 27.
Kxb3 Kf8 28. Rd1 Rd8 29. Rxd8+ Nxd8 30. Nd6 Rd7 31. Ne4 Kg7 32. Ka4 f5 33. gxf5
gxf5 34. Ng3 Kf6 35. Rb6+ Nc6 36. Kb5 e4 37. b4 Ke5 38. Kc5 f4 39. Nf1 e3 40.
Nxe3 fxe3 41. b5 e2 42. bxc6 bxc6 43. Kxc6 Rd6+ 0-1

[Event "NM for klubblag 2019"]
[Site "Scandic Ambassadeur, Drammen"]
[Date "2019.05.30"]
[Round "4"]
[White "Oommen, John Samuel"]
[Black "Fuglestein, Sander"]
[Result "0-1"]
[WhiteElo "1392"]
[BlackElo "2023"]
[PlyCount "88"]
[EventDate "2019.??.??"]

1. e4 c6 2. d4 d5 3. e5 Bf5 4. Nf3 e6 5. Be2 c5 6. Be3 Qb6 7. Qc1 Nc6 8. c3
cxd4 9. Nxd4 Nxd4 10. cxd4 Ne7 11. Nc3 Nc6 12. Qd2 Bb4 13. Rc1 O-O 14. O-O Na5
15. b3 Rfc8 16. Qb2 Qd8 17. Bd2 Qe7 18. Nb5 a6 19. Bxb4 Qxb4 20. Nd6 Rxc1 21.
Rxc1 Bg6 22. Kf1 Nc6 23. Rd1 a5 24. a3 Qb6 25. Bd3 Rd8 26. Bxg6 hxg6 27. Ke2
Rd7 28. f4 Rc7 29. Ne8 Re7 30. Nd6 Rc7 31. Ne8 Nxd4+ 32. Rxd4 Qb5+ 33. Rd3 Qxe8
34. Kd2 Qc6 35. Rc3 Qxc3+ 36. Qxc3 Rxc3 37. Kxc3 Kf8 38. Kd4 f5 39. exf6 gxf6
40. g4 g5 41. f5 Ke7 42. Kc5 b6+ 43. Kxb6 d4 44. Kxa5 d3 0-1

[Event "NM for klubblag 2019"]
[Site "Scandic Ambassadeur, Drammen"]
[Date "2019.05.30"]
[Round "4"]
[White "SÃ¸rensen, Simen"]
[Black "Hansen, Tor Magnus"]
[Result "1-0"]
[WhiteElo "1980"]
[BlackElo "1535"]
[PlyCount "95"]
[EventDate "2019.??.??"]

1. d4 d5 2. Nf3 Nf6 3. c4 c6 4. Nc3 e6 5. e3 Nbd7 6. cxd5 exd5 7. Bd3 Bd6 8.
O-O O-O 9. Qc2 Re8 10. a3 a5 11. Rb1 Qe7 12. Re1 Ne4 13. Bxe4 dxe4 14. Nd2 f5
15. g3 Nf6 16. b4 axb4 17. axb4 Be6 18. b5 Rec8 19. bxc6 Rxc6 20. Bb2 Bb4 21.
Rbc1 Bxc3 22. Bxc3 Nd5 23. Nb1 Nxc3 24. Nxc3 Rac8 25. Qb2 Qc7 26. Ne2 Qd7 27.
Nf4 Rxc1 28. Rxc1 Rxc1+ 29. Qxc1 g5 30. Nxe6 Qxe6 31. Qc7 Qf7 32. Qd8+ Kg7 33.
Qxg5+ Qg6 34. Qe7+ Qf7 35. Qe5+ Qf6 36. Qc7+ Qf7 37. Qc5 Qh5 38. Qc2 Qf7 39.
Qc3 Qd5 40. Qc7+ Qf7 41. Qe5+ Qf6 42. Qb5 b6 43. d5 Qa1+ 44. Kg2 Qd1 45. Qd7+
Kf6 46. Qe6+ Kg5 47. h4+ Kg4 48. Qg8+ 1-0

[Event "NM for klubblag 2019"]
[Site "Scandic Ambassadeur, Drammen"]
[Date "2019.05.30"]
[Round "4"]
[White "Rosendahl, Guttorm"]
[Black "Areklett, Ivar"]
[Result "0-1"]
[WhiteElo "1431"]
[BlackElo "1984"]
[PlyCount "72"]
[EventDate "2019.??.??"]

1. d4 Nf6 2. c4 Nc6 3. Bf4 e6 4. Nc3 Bb4 5. a3 Bxc3+ 6. bxc3 O-O 7. Nf3 d6 8.
e3 Qe7 9. Qc2 e5 10. Bg5 Bg4 11. Be2 Rfe8 12. Ng1 Bd7 13. d5 Na5 14. e4 b6 15.
Nf3 Nb7 16. O-O Nc5 17. Bxf6 Qxf6 18. Ne1 Qg6 19. f3 f5 20. Nd3 Ba4 21. Qb2
fxe4 22. Nxc5 dxc5 23. Qb1 exf3 24. Qxg6 hxg6 25. Bxf3 Bc2 26. Rae1 Bd3 27. Be2
e4 28. Bxd3 exd3 29. Rd1 Re3 30. Rf2 Rae8 31. Rfd2 R8e4 32. Rxd3 Rxd3 33. Rxd3
Rxc4 34. Kf2 Ra4 35. c4 Rxc4 36. Ke3 Kf7 0-1

[Event "NM for klubblag 2019"]
[Site "Scandic Ambassadeur, Drammen"]
[Date "2019.05.30"]
[Round "4"]
[White "Melkevik, Johannes"]
[Black "Ekornåsvåg, Harald"]
[Result "1-0"]
[WhiteElo "1892"]
[BlackElo "1206"]
[PlyCount "47"]
[EventDate "2019.??.??"]

1. d4 d5 2. Nc3 Nf6 3. Bf4 e6 4. e3 c5 5. Nb5 Na6 6. c3 Qb6 7. a4 Bd7 8. Nf3 c4
9. Nd2 Bxb5 10. axb5 Qxb5 11. b3 Qc6 12. bxc4 Nc7 13. Bxc7 Qxc7 14. cxd5 Nxd5
15. Bb5+ Kd8 16. c4 Nc3 17. Qb3 Nxb5 18. cxb5 Qd6 19. O-O Qb4 20. Qd3 a5 21.
bxa6 Rxa6 22. Rxa6 bxa6 23. Rb1 Qa3 24. Qxa3
1-0

[Event "NM for klubblag 2019"]
[Site "Scandic Ambassadeur, Drammen"]
[Date "2019.05.30"]
[Round "4"]
[White "Sivertsen, Jarle"]
[Black "Haugsvær, Lisbeth"]
[Result "1/2-1/2"]
[WhiteElo "1574"]
[BlackElo "1646"]
[PlyCount "46"]
[EventDate "2019.??.??"]

1. e4 e5 2. Nf3 Nc6 3. Nc3 Nf6 4. d4 exd4 5. Nxd4 Bb4 6. Nxc6 bxc6 7. Bd3 O-O
8. Bg5 Bxc3+ 9. bxc3 Qe7 10. O-O Qe5 11. f4 Qxc3 12. e5 Qd4+ 13. Kh1 Ne4 14.
Bh4 d6 15. c3 Qd5 16. Bxe4 Qxe4 17. exd6 cxd6 18. Qxd6 Ba6 19. Rfe1 Qc4 20. Qe5
Qd5 21. Bf2 Bc4 22. Bd4 f6 23. Qxd5+ cxd5
1/2-1/2

[Event "NM for klubblag 2019"]
[Site "Scandic Ambassadeur, Drammen"]
[Date "2019.05.30"]
[Round "4"]
[White "Yilmaz, Kazim"]
[Black "Dyrnes, Jussi"]
[Result "1/2-1/2"]
[WhiteElo "1632"]
[BlackElo "1774"]
[PlyCount "87"]
[EventDate "2019.??.??"]

1. e4 Nc6 2. d4 e5 3. dxe5 Nxe5 4. Nf3 Ng6 5. Bc4 Bc5 6. O-O d6 7. Bg5 N8e7 8.
Nbd2 h6 9. Bxe7 Qxe7 10. h3 Bd7 11. c3 b5 12. Be2 Nf4 13. Re1 O-O 14. Bf1 Qf6
15. Nb3 Bb6 16. Nbd4 Qg6 17. Kh2 c5 18. Nf5 Bxf5 19. exf5 Qxf5 20. Qxd6 Ne6 21.
Qd3 Qf4+ 22. g3 Qf6 23. Bg2 c4 24. Qc2 Rad8 25. b4 cxb3 26. axb3 Rd6 27. Rad1
Rxd1 28. Rxd1 Rc8 29. c4 bxc4 30. bxc4 Nc5 31. Nh4 Ne6 32. Nf3 Bc7 33. Qe4 Bb6
34. Qc2 h5 35. h4 g6 36. Rd2 Bc7 37. Qe4 Bb6 38. Qc2 Bc5 39. Qe4 Bb6 40. Qc2
Qa1 41. Rd1 Qf6 42. Rd2 Qa1 43. Re2 Qf6 44. Rd2 1/2-1/2

[Event "NM for klubblag 2019"]
[Site "Scandic Ambassadeur, Drammen"]
[Date "2019.05.30"]
[Round "4"]
[White "Rukovci, Shemsi"]
[Black "Westrum, Kim Roger Hansen"]
[Result "1/2-1/2"]
[WhiteElo "1914"]
[BlackElo "1689"]
[PlyCount "84"]
[EventDate "2019.??.??"]

1. e4 d5 2. exd5 Qxd5 3. Nc3 Qa5 4. Nf3 Nf6 5. d4 c6 6. h3 Bf5 7. Bd3 Bxd3 8.
Qxd3 e6 9. O-O Bd6 10. Nd2 Qc7 11. Nc4 Nbd7 12. Nxd6+ Qxd6 13. a4 O-O 14. Qf3
Qxd4 15. Rd1 Qb6 16. a5 Qc7 17. b3 Rad8 18. Ba3 Rfe8 19. Bd6 Qc8 20. Ra4 Nd5
21. Rg4 N7f6 22. Rxg7+ Kxg7 23. Qg3+ Kh8 24. Be5 Rg8 25. Qh4 Rg6 26. Ne4 Kg8
27. f3 Nxe4 28. fxe4 Ne7 29. Rf1 Nf5 30. exf5 exf5 31. Qf4 Qe6 32. Rf2 Re8 33.
Bd4 Qe4 34. Qxf5 Qxf5 35. Rxf5 Re2 36. g4 Rxc2 37. Bf6 Re2 38. g5 Re6 39. Kf2
h6 40. h4 hxg5 41. hxg5 Kf8 42. Bd4 a6 1/2-1/2

[Event "NM for klubblag 2019"]
[Site "Scandic Ambassadeur, Drammen"]
[Date "2019.05.30"]
[Round "4"]
[White "Digernes, Mikael"]
[Black "Lunde, Sigmund"]
[Result "1/2-1/2"]
[WhiteElo "1491"]
[BlackElo "1818"]
[PlyCount "78"]
[EventDate "2019.??.??"]

1. e4 c5 2. Nc3 Nc6 3. f4 e6 4. Nf3 d5 5. d3 Nf6 6. e5 Nd7 7. Be2 a6 8. O-O Be7
9. a3 O-O 10. Qe1 f6 11. Qg3 Qc7 12. f5 Ndxe5 13. Bf4 d4 14. Nxe5 fxe5 15. Bh6
Bf6 16. Ne4 exf5 17. Nxf6+ Rxf6 18. Bg5 Rf8 19. Bf3 Bd7 20. Bd5+ Kh8 21. Qh4
Qd6 22. Bb3 Rae8 23. Rf3 f4 24. Qh5 Be6 25. Bxe6 Qxe6 26. Raf1 Rf5 27. Rh3 h6
28. Qg4 Rxg5 29. Qxg5 Qxh3 30. Qg6 Qe6 31. Qe4 Re7 32. g3 fxg3 33. Rf8+ Qg8 34.
Rxg8+ Kxg8 35. hxg3 Rd7 36. Qf5 Re7 37. Qc8+ Kf7 38. Qf5+ Kg8 39. Qc8+ Kf7
1/2-1/2

[Event "NM for klubblag 2019"]
[Site "Scandic Ambassadeur, Drammen"]
[Date "2019.05.30"]
[Round "4"]
[White "Grønn, Atle"]
[Black "Hammer, Jon Ludvig"]
[Result "1/2-1/2"]
[WhiteElo "2359"]
[BlackElo "2645"]
[PlyCount "131"]
[EventDate "2019.??.??"]

1. Nf3 c5 2. e4 d6 3. Bb5+ Nd7 4. d4 cxd4 5. Qxd4 a6 6. Bxd7+ Bxd7 7. O-O e5 8.
Qd3 Rc8 9. c4 b5 10. Na3 Qb6 11. Rd1 Qb7 12. Bg5 h6 13. Bh4 g5 14. Bg3 Be7 15.
Nd2 Nf6 16. Rac1 O-O 17. f3 Nh5 18. Nf1 Nf4 19. Qd2 f5 20. Ne3 fxe4 21. Bxf4
exf4 22. Qd5+ Qxd5 23. Nxd5 Bd8 24. fxe4 Re8 25. Rd4 b4 26. Nb1 a5 27. Nd2 Be6
28. Kf2 Kg7 29. Kf3 Bf7 30. Rd3 Re5 31. Re1 h5 32. Kf2 Bxd5 33. Rxd5 Rxd5 34.
exd5 Bb6+ 35. Ke2 Be3 36. b3 Kg6 37. Kd3 Rf8 38. Nf1 Bc5 39. Re6+ Kh7 40. Nd2
g4 41. Ke2 h4 42. Ne4 g3 43. Ng5+ Kg7 44. h3 f3+ 45. Nxf3 Rf4 46. Kf1 a4 47.
Ke2 a3 48. Kf1 Kh7 49. Re4 Rf8 50. Rxh4+ Kg6 51. Rg4+ Kf5 52. Rxg3 Kf4 53. Rg6
Ke3 54. Re6+ Kd3 55. Re2 Be3 56. Ke1 Bh6 57. Kd1 Kc3 58. Rc2+ Kd3 59. Ne1+ Kd4
60. Re2 Kc3 61. Nf3 Rf7 62. Rc2+ Kd3 63. Ne1+ Kd4 64. Nf3+ Kd3 65. Re2 Kc3 66.
Re6
1/2-1/2

[Event "NM for klubblag 2019"]
[Site "Scandic Ambassadeur, Drammen"]
[Date "2019.05.30"]
[Round "4"]
[White "Agdestein, Simen"]
[Black "Ingebretsen, Jens E"]
[Result "1-0"]
[WhiteElo "2569"]
[BlackElo "2243"]
[PlyCount "69"]
[EventDate "2019.??.??"]

1. c4 e5 2. Nc3 Nf6 3. g3 Bb4 4. Bg2 O-O 5. e4 Bxc3 6. dxc3 d6 7. Ne2 Be6 8. b3
a5 9. f4 Na6 10. O-O a4 11. f5 Bd7 12. b4 b5 13. h3 Bc6 14. g4 bxc4 15. g5 Ne8
16. h4 Bb7 17. f6 c6 18. Ng3 g6 19. h5 d5 20. Be3 Nac7 21. Bc5 Nd6 22. Qg4 Bc8
23. Qh4 Be6 24. Rae1 Na6 25. exd5 Bxd5 26. Rxe5 Nxc5 27. bxc5 Bxg2 28. Kxg2 Nb5
29. hxg6 fxg6 30. Qxc4+ Rf7 31. Ne2 Qd2 32. Rf2 Rd8 33. Qxa4 h6 34. Qe4 Kh7 35.
Nf4
1-0

[Event "NM for klubblag 2019"]
[Site "Scandic Ambassadeur, Drammen"]
[Date "2019.05.30"]
[Round "4"]
[White "Galinsky, Timofey"]
[Black "Kristiansen, Erling"]
[Result "1-0"]
[WhiteElo "2382"]
[BlackElo "2159"]
[PlyCount "58"]
[EventDate "2019.??.??"]

1. Nf3 Nf6 2. d3 c5 3. e4 d6 4. g3 Nc6 5. Bg2 g6 6. O-O Bg7 7. Re1 O-O 8. c3
Bd7 9. h3 Rc8 10. Be3 b5 11. Nbd2 b4 12. a3 bxc3 13. bxc3 Qa5 14. Nc4 Qa6 15.
Bf1 Na5 16. Ncd2 Rfd8 17. Rb1 Rb8 18. d4 Rxb1 19. Qxb1 Qc8 20. Qd3 c4 21. Qc2
d5 22. Bg5 Nxe4 23. Nxe4 dxe4 24. Qxe4 Re8 25. Qd5 Bc6 26. Qxa5 Bxf3 27. Rxe7
Rf8 28. Rxa7 Qb8 29. Qc7 h6
1-0

[Event "NM for klubblag 2019"]
[Site "Scandic Ambassadeur, Drammen"]
[Date "2019.05.30"]
[Round "4"]
[White "Abdrlauf, Elham"]
[Black "Flatebø, Hallvard Haug"]
[Result "1-0"]
[WhiteElo "2231"]
[BlackElo "1858"]
[PlyCount "49"]
[EventDate "2019.??.??"]

1. e4 e6 2. b3 c5 3. Bb2 Nc6 4. Nf3 d6 5. d4 cxd4 6. Nxd4 Nxd4 7. Bxd4 Nf6 8.
Bd3 Be7 9. O-O Qc7 10. c4 O-O 11. Nc3 a6 12. Qe2 Bd7 13. Rac1 Bc6 14. Nd5 Bxd5
15. exd5 exd5 16. cxd5 Qd7 17. Qf3 Bd8 18. h3 Re8 19. Rc2 Qe7 20. Re2 Qc7 21.
Rxe8+ Nxe8 22. Qe4 Kf8 23. Qxh7 Bf6 24. Qh8+ Ke7 25. Bxf6+
1-0

[Event "NM for klubblag 2019"]
[Site "Scandic Ambassadeur, Drammen"]
[Date "2019.05.30"]
[Round "4"]
[White "Melkevik, Egil"]
[Black "Melaa, Sondre LillestÃ¸l"]
[Result "0-1"]
[WhiteElo "1736"]
[BlackElo "2038"]
[PlyCount "100"]
[EventDate "2019.??.??"]

1. d4 d5 2. Nc3 Nf6 3. Bf4 e6 4. e3 a6 5. Bd3 c5 6. dxc5 Bxc5 7. a3 O-O 8. Nf3
Nc6 9. h4 Re8 10. Ne5 Bd6 11. Nxc6 bxc6 12. Bxd6 Qxd6 13. O-O e5 14. e4 d4 15.
Ne2 c5 16. f3 Be6 17. b3 Rec8 18. Bc4 Bxc4 19. bxc4 Nd7 20. Nc3 Nb6 21. Qd3 Qd8
22. Nd5 Nxd5 23. exd5 Qxh4 24. Rae1 Re8 25. Re4 Qh5 26. Rfe1 f6 27. Qb3 Rab8
28. Qa4 h6 29. Qxa6 Rb2 30. Qa4 f5 31. g4 Qg6 32. Rxe5 Rxe5 33. Rxe5 fxg4 34.
Qe8+ Qxe8 35. Rxe8+ Kf7 36. Re5 gxf3 37. d6 Rb6 38. d7 Rd6 39. Rxc5 Rxd7 40.
Rf5+ Ke6 41. Rxf3 Rc7 42. c3 Rxc4 43. cxd4 Rxd4 44. Kg2 h5 45. Rg3 Kf6 46. Rf3+
Kg5 47. Rg3+ Kh6 48. Kh3 g5 49. Rb3 Kg6 50. Rb5 Rd3+ 0-1

[Event "NM for klubblag 2019"]
[Site "Scandic Ambassadeur, Drammen"]
[Date "2019.05.30"]
[Round "4"]
[White "Tunsjø, Axel"]
[Black "Olsen, Geir"]
[Result "1-0"]
[WhiteElo "2002"]
[BlackElo "1466"]
[PlyCount "51"]
[EventDate "2019.??.??"]

1. e4 d5 2. Nc3 d4 3. Nce2 e5 4. d3 Nc6 5. g3 Be6 6. Bg2 Qd7 7. Nf3 Be7 8. c3
Bh3 9. O-O Bxg2 10. Kxg2 h5 11. h4 f6 12. cxd4 exd4 13. Qa4 Bc5 14. Bd2 O-O-O
15. b4 Nxb4 16. Qb3 Nc6 17. Rfc1 Bb6 18. a4 a5 19. Rab1 Kb8 20. Nf4 Nge7 21.
Ne6 Rdg8 22. Bf4 Qc8 23. Qxb6 g5 24. Bxc7+ Ka8 25. Rb5 Na7 26. Qxa7+
1-0

[Event "NM for klubblag 2019"]
[Site "Scandic Ambassadeur, Drammen"]
[Date "2019.05.30"]
[Round "4"]
[White "Seglem, Ole Andre"]
[Black "Sidali, Elias Hulleberg"]
[Result "0-1"]
[WhiteElo "1436"]
[BlackElo "1953"]
[PlyCount "68"]
[EventDate "2019.??.??"]

1. d4 Nf6 2. c4 e6 3. Nc3 Bb4 4. Nf3 b6 5. e3 Bb7 6. Be2 Ne4 7. Qc2 O-O 8. O-O
Bxc3 9. bxc3 f5 10. Rd1 d6 11. Ba3 Nd7 12. Ne1 Qh4 13. Bf3 Ndf6 14. Nd3 Ng4 15.
h3 Nh6 16. Nf4 Rae8 17. d5 e5 18. g3 Nxg3 19. fxg3 Qxg3+ 20. Qg2 exf4 21. Qxg3
fxg3 22. Bc1 Nf7 23. Kg2 Ne5 24. Be2 Ng6 25. Bh5 Re4 26. Rd4 Rxd4 27. cxd4 Ba6
28. Be2 f4 29. exf4 Nxf4+ 30. Bxf4 Rxf4 31. Kxg3 Rxd4 32. Bg4 Bxc4 33. Rc1 Kf7
34. Be6+ Kf6 0-1

[Event "NM for klubblag 2019"]
[Site "Scandic Ambassadeur, Drammen"]
[Date "2019.05.30"]
[Round "5"]
[White "Hovden, Hans"]
[Black "Unneland, Mathias"]
[Result "0-1"]
[WhiteElo "1817"]
[BlackElo "2009"]
[PlyCount "72"]
[EventDate "2019.??.??"]

1. c4 Nf6 2. Nc3 g6 3. d4 Bg7 4. Nf3 O-O 5. g3 d5 6. cxd5 Nxd5 7. Bg2 c5 8. O-O
Nc6 9. Nxd5 Qxd5 10. e3 Bg4 11. h3 Be6 12. Ne5 Qd6 13. Nxc6 bxc6 14. dxc5 Qxc5
15. a3 Rab8 16. b4 Qb5 17. Rb1 Ba2 18. Bb2 Bxb1 19. Qxb1 Bxb2 20. Qxb2 c5 21.
Qe5 cxb4 22. Qxe7 a5 23. axb4 Qxb4 24. Qe5 a4 25. Bd5 Qb2 26. Qxb2 Rxb2 27. Ra1
Rb4 28. Bc6 Rc8 29. Bd5 Rc5 30. e4 Ra5 31. Ra3 Kg7 32. Kg2 f5 33. f3 Rb2+ 34.
Kg1 Rc5 35. Ra1 a3 36. g4 Kf6 0-1

[Event "NM for klubblag 2019"]
[Site "Scandic Ambassadeur, Drammen"]
[Date "2019.05.30"]
[Round "5"]
[White "Wister, Finn Arild"]
[Black "Gaustad, Erlend"]
[Result "0-1"]
[WhiteElo "1410"]
[BlackElo "1906"]
[PlyCount "46"]
[EventDate "2019.??.??"]

1. b4 e5 2. Bb2 Bxb4 3. Bxe5 Nf6 4. e3 O-O 5. Nf3 Nc6 6. Bb2 d5 7. c4 Re8 8.
cxd5 Nxd5 9. Be2 Qe7 10. O-O Bg4 11. Nc3 Nxc3 12. Bxc3 Bxc3 13. dxc3 Red8 14.
Qa4 Bd7 15. Qc2 g6 16. Nd4 Ne5 17. Nf3 Bc6 18. Nxe5 Qxe5 19. Rad1 Qg5 20. Rxd8+
Rxd8 21. g3 Qd5 22. f3 Qd2 23. Qd1 Qxe3+ 0-1

[Event "NM for klubblag 2019"]
[Site "Scandic Ambassadeur, Drammen"]
[Date "2019.05.30"]
[Round "5"]
[White "Hausken, Andreas Skrede"]
[Black "Steinkellner, Rudolf"]
[Result "1-0"]
[WhiteElo "1799"]
[BlackElo "1699"]
[PlyCount "79"]
[EventDate "2019.??.??"]

1. e4 c6 2. Nf3 d5 3. Nc3 Bg4 4. h3 Bxf3 5. Qxf3 dxe4 6. Nxe4 Qd5 7. d3 Nd7 8.
Be2 Ngf6 9. Nc3 Qxf3 10. Bxf3 Ne5 11. Be2 e6 12. O-O Bb4 13. Bd2 Be7 14. a3
Ned7 15. Rfb1 Nb6 16. Bf3 Nbd5 17. Ne2 Nd7 18. g3 Bf6 19. Ra2 N7b6 20. c4 Nc7
21. b4 Rd8 22. Rb3 Nd7 23. Bg2 Ne5 24. Nc1 O-O 25. Be3 a6 26. a4 Rd7 27. f4 Ng6
28. Ne2 Ne7 29. g4 g6 30. Bc5 Rfd8 31. Raa3 Nc8 32. Bf2 Be7 33. Ng3 a5 34. Bc5
axb4 35. Bxe7 bxa3 36. Bxd8 Rxd8 37. Rxa3 Na6 38. Ne4 Nd6 39. Nf2 Kg7 40. Kf1
1-0

[Event "NM for klubblag 2019"]
[Site "Scandic Ambassadeur, Drammen"]
[Date "2019.05.30"]
[Round "5"]
[White "Unneland, Arne"]
[Black "Tevasvoll, Svein"]
[Result "1-0"]
[WhiteElo "1658"]
[BlackElo "1394"]
[PlyCount "71"]
[EventDate "2019.??.??"]

1. e4 e5 2. f4 exf4 3. Nf3 d6 4. Bc4 Bg4 5. O-O Nc6 6. d4 Be7 7. Bxf4 Nf6 8.
Nc3 O-O 9. h3 Bxf3 10. gxf3 Nh5 11. Ne2 Nxf4 12. Nxf4 Bh4 13. Ng2 Qg5 14. f4
Qg6 15. f5 Qh6 16. Qg4 Bd8 17. c3 Qg5 18. Qe2 a6 19. Rf4 h5 20. Rh4 Qg3 21.
Rxh5 Na5 22. Rf1 d5 23. e5 Nxc4 24. Rf3 Qxf3 25. Qxf3 Nd2 26. Qf4 Ne4 27. f6
Nxf6 28. exf6 Bxf6 29. Qxc7 b5 30. Rxd5 Rfe8 31. Kf2 Re6 32. Rf5 Rae8 33. d5
Re2+ 34. Kf3 Be5 35. Qxf7+ Kh7 36. Rh5# 1-0